00593nam a22001697a 450000500170000001000130001702000260003003500110005603700130006708200080008010000380008824501000012624600660022626000510029227000570034330000230040020211122130122.0 aUR-11335 c140.00a9789390533718 aU-9890 bDBAD/PUB a844 aمحير ا حمد آ ز ا د  aمعا صر ا ر د و ا فسا نہ :فکر ی جہا ت cمحير ا حمد آ ز ا د  aMaasir Urdu Afsana :Fikri Jehaat (Urdu)bby Mojeer Ahmad Azad aN.Delhic2020 ءbEducational Publishing House aD1/16,Ansari Road,Darya Ganj,bNew Delhie110002l - a220 ص c22 Cm(Hb)